Corazón abierto, mente lucída / (Registro nro. 22610)
[ vista simple ]
| 000 -CABECERA | |
|---|---|
| campo de control de longitud fija | 00865nam a2200229 a 4500 |
| 001 - NÚMERO DE CONTROL | |
| campo de control | 000023113 |
| 005 - FECHA Y HORA DE LA ÚLTIMA TRANSACCIÓN | |
| campo de control | 20200930022009.0 |
| 008 - DATOS DE LONGITUD FIJA--INFORMACIÓN GENERAL | |
| campo de control de longitud fija | 101126s1993 sp a r 000 0 spa d |
| 020 ## - NÚMERO INTERNACIONAL ESTÁNDAR DEL LIBRO | |
| Número Internacional Estándar del Libro | 8486615399 |
| 040 ## - FUENTE DE LA CATALOGACIÓN | |
| Centro catalogador/agencia de origen | DO-SdBNP |
| Lengua de catalogación | spa |
| Centro/agencia transcriptor | BNPHU |
| 041 17 - CÓDIGO DE LENGUA | |
| Código de lengua del texto/banda sonora o título independiente | spa |
| Código de lengua original | eng |
| Fuente del código | Código de idioma MARC. |
| 082 ## - NÚMERO DE LA CLASIFICACIÓN DECIMAL DEWEY | |
| Número de clasificación | NNN |
| Número de documento/Ítem | C545c |
| 049 ## - FONDOS LOCALES (OCLC) | |
| Fondos de biblioteca | BNGR |
| 100 1# - ENTRADA PRINCIPAL--NOMBRE DE PERSONA | |
| Nombre de persona | Chodron, Thubten, |
| Fechas asociadas al nombre | 1950- |
| 9 (RLIN) | 47583 |
| 245 10 - MENCIÓN DE TÍTULO | |
| Título | Corazón abierto, mente lucída / |
| Mención de responsabilidad, etc. | Thubten Chodron ; prólogo por Su Santidad el XIV Dalai Lama ; traducción del inglés Víctor Márquez. |
| 260 ## - PUBLICACIÓN, DISTRIBUCIÓN, ETC. | |
| Lugar de publicación, distribución, etc. | Madrid, (España) : |
| Nombre del editor, distribuidor, etc. | Dharma, |
| Fecha de publicación, distribución, etc. | 1993. |
| 300 ## - DESCRIPCIÓN FÍSICA | |
| Extensión | 248, [4] p. : |
| Otras características físicas | il. ; |
| Dimensiones | 21 cm. |
| 534 ## - NOTA SOBRE LA VERSIÓN ORIGINAL | |
| Encabezamiento principal del original | Título original en inglés: |
| Mención de título del original | Open heart, clear mind. |
| 500 ## - NOTA GENERAL | |
| Nota general | Incluye datos biográficos del autor en solapa de la contracubierta. |
| 700 1# - PUNTO DE ACCESO ADICIONAL--NOMBRE DE PERSONA | |
| Nombre de persona | Lama, Dalai |
| Término indicativo de función/relación | pról. |
| 9 (RLIN) | 47121 |
| 700 1# - PUNTO DE ACCESO ADICIONAL--NOMBRE DE PERSONA | |
| Nombre de persona | Márquez, Víctor |
| Término indicativo de función/relación | tr |
| 9 (RLIN) | 47584 |
| Estado de retiro | Estado de pérdida | Restricciones de uso | No para préstamo | Código de colección | Localización permanente | Ubicación/localización actual | Ubicación en estantería | Fecha de adquisición | Número de inventario | Total de préstamos | Signatura topográfica completa | Código de barras | Fecha visto por última vez | Precio válido a partir de | Tipo de ítem Koha |
|---|---|---|---|---|---|---|---|---|---|---|---|---|---|---|---|
| Monografías: Libros y Folletos | General | General | En catalogación | 26.11.2010 | LF1 | NNN C545c | 23113-10 | 25.06.2020 | 25.06.2020 | Préstamo en sala |
